| 000 | 00910nam a22002417a 4500 | ||
|---|---|---|---|
| 005 | 2009070605265.0 | ||
| 008 | 090706t xxu||||| |||| 00| 0 eng d | ||
| 010 | _aENG-94322 | ||
| 020 |
_c1500.00 _a9788186208595 |
||
| 035 | _aEN-77855 | ||
| 037 | _bDBAD / PUB | ||
| 040 |
_adpl _bEnglish |
||
| 082 | _a792.0954 | ||
| 100 | _aSinha, Biswajit | ||
| 245 |
_aContemporary theatre: _cby Biswajit Sinha _b(East & North-East) / |
||
| 260 |
_aNew Delhi _bRaj Publications _c2008 |
||
| 270 |
_a108, 4855/24, Ansari Road, Daryaganj, _bNew Delhi _e110002 |
||
| 300 |
_aviii, 462p. _c25cm(Hb) |
||
| 490 |
_aEncyclopaedia of Indian theatre _v9 |
||
| 650 |
_aTheater _zIndia |
||
| 942 |
_2ddc _cEN _mSIN _h792.0954 |
||
| 999 |
_c28069 _d28069 |
||